| 000 | 00888nam a22002897a 4500 | ||
|---|---|---|---|
| 001 | 00564 | ||
| 003 | DO-SdBNP | ||
| 005 | 20170905105701.0 | ||
| 007 | 00564 | ||
| 008 | 160622b 2008 sp || 00| 0 spa d | ||
| 020 | _a9788449436789 (obra completa) | ||
| 040 |
_aBPMSU _bspa _cBPMSU |
||
| 082 |
_aR 036 _bO15o |
||
| 245 | 0 | 0 |
_aOcéano omega : _bdiccionario enciclopédico universal / _cedición Juan Pérez ; colaboradores Jordi Álvarez ... [y otros] |
| 260 | 0 |
_aBarcelona : _bOcéano, _c2008. |
|
| 300 |
_a380 p. : _bil., _c28 cm. |
||
| 505 |
_a _t |
||
| 650 | 4 | _aENCICLOPÉDIAS Y DICCIONARIOS ESPAÑOLES | |
| 700 | 1 | 2 | _aPérez, Juan |
| 700 | 1 | 2 | _aÁlvarez, Jordi, |
| 700 | 1 |
_aCortés, José María, _ecol. |
|
| 700 | 1 | 2 | _aEsber, Marta, |
| 910 | _aValidado. Control de calidad MFF | ||
| 942 |
_2ddc _cBK |
||
| 945 | _aInventariado /2017 VM | ||
| 956 |
_aBTAVÁREZ _b10 _c20162206 _d00564 |
||
| 999 |
_c10495 _d10495 |
||